| 000 | 00460nam a2200145 a 4500 | ||
|---|---|---|---|
| 001 | 000035880 | ||
| 005 | 20200930074704.0 | ||
| 008 | 111115s1966 xxu 000 0 spa d | ||
| 040 |
_aDO-SdBNP _bspa _cBNPHU |
||
| 100 | 1 |
_aLewis, Oscar _d1914-1970. _961872 |
|
| 245 | 1 | 3 |
_aLa vida : _ba Puerto Rican family in the culture of poverty-San Juan and New York / _cOscar Lewis. |
| 260 |
_aNew York : _bRandom House, _c1966. |
||
| 300 |
_a667 p. ; _c26 cm. |
||
| 049 | _aBNPD | ||
| 999 |
_c35371 _d35371 |
||